000 00336 a2200169 4500
001 58677
020 _a852621604X
040 _cAnchieta - Pituba
100 _aBarreto, Lima
240 1 0 _aCidade
_lpor
245 1 0 _aCidade
300 _a107
362 0 _a1990
440 1 _aScipione
650 4 _aFicção brasileira
942 _cBK
999 _c58677
_d58677